Catálogo

FLUID MIXING AND GAS DISPERSION IN AGITATED TANKS (Registro nro. 52253)

Detalles MARC
000 -LEADER
fixed length control field 01016nam a2200193 a 4500
001 - CONTROL NUMBER
control field 52253
005 - DATE AND TIME OF LATEST TRANSACTION
control field 20180714042028.0
008 - FIXED-LENGTH DATA ELEMENTS--GENERAL INFORMATION
fixed length control field 140415s1991 xxu 000 0 eng d
020 ## - INTERNATIONAL STANDARD BOOK NUMBER
International Standard Book Number 0070629331
041 ## - LANGUAGE CODE
Language code of text/sound track or separate title eng
082 ## - DEWEY DECIMAL CLASSIFICATION NUMBER
Classification number 660.2842
Item number TAT
100 1# - MAIN ENTRY--PERSONAL NAME
Personal name TATTERSON, GARY B.
245 10 - TITLE STATEMENT
Title FLUID MIXING AND GAS DISPERSION IN AGITATED TANKS
250 ## - EDITION STATEMENT
Edition statement 1a ed.
260 ## - PUBLICATION, DISTRIBUTION, ETC.
Place of publication, distribution, etc. ESTADOS UNIDOS DE AMERICA :
Name of publisher, distributor, etc. MCGRAW-HILL INC.,
Date of publication, distribution, etc. 1991
300 ## - PHYSICAL DESCRIPTION
Extent 932
Dimensions 15.7 x 2.7 x 23.5
520 ## - SUMMARY, ETC.
Summary, etc. MIXING IN AGITATED TANKS IS PART OF THE INFRASTRUCTURE OF THE CHEMICAL, PETROCHEMICAL, AND BIOCHEMICAL INDUSTRIES. PRACTICALLY EVERY PLANT WILL CONTAIN SOME SORT OF TANK MIXING PROCESS. UNFORTUNATELY, SUCH MIXING IS BASED UPON FUID MACHANICS THAT ARE NOT TAUGHT IN UNDERGRADUATE AND GRADUATE FLUID MECHANICS COURSES, AND, AS SUCH, A FUNDAMENTAL UNDERSTANDING OF TANK MIXING BY PLANT PERSONNEL IS SELDOM OBTAINED. THE GENERAL TOPIC OF MIXING IN AGITATED TANKS SOULD BE PROPERLY DEVELOPED IN
650 14 - SUBJECT ADDED ENTRY--TOPICAL TERM
Topical term or geographic name entry element LIQUIDOS
Existencias
Withdrawn status Lost status Source of classification or shelving scheme Damaged status Not for loan Collection code Home library Current library Shelving location Date acquired Source of acquisition Inventory number Total Checkouts Full call number Barcode Date last seen Price effective from Koha item type
    Dewey Decimal Classification     General Biblioteca Karol Wojtyla Biblioteca Karol Wojtyla Área de silencio 03/12/2013 Compra 151000000000000000030690   660.2842 TAT 77677 05/01/2026 03/12/2013 Libro